[Event "España ch Individual Zona 2"]
[Site "Mérida ESP"]
[Date "2008.08.19"]
[Round "2.12"]
[White "Diaz Rodriguez, Jose Antonio"]
[Black "Perez Felipe, Marcos Adrian"]
[Result "1-0"]
[WhiteElo "2099"]
[BlackElo "2226"]
[PlyCount "121"]
[EventDate "2008.08.18"]
[EventType "swiss"]
[EventRounds "7"]
[EventCountry "ESP"]
[Source "lmi"]
[SourceDate "2008.08.18"]

1. e4 c5 2. Nf3 d6 3. Bc4 e6 4. O-O Nf6 5. Nc3 a6 6. a4 Nxe4 7. Nxe4 d5 8. Qe2
Be7 9. Ng3 dxc4 10. Qxc4 O-O 11. d3 Nc6 12. Re1 Nd4 13. Nxd4 Qxd4 14. Nf5 exf5
15. Rxe7 Qd6 16. Re3 Be6 17. Qh4 Qd4 18. Qe7 b6 19. c3 Qd8 20. Qxd8 Rfxd8 21.
f4 b5 22. Kf2 b4 23. Ke2 bxc3 24. bxc3 Rab8 25. Re5 c4 26. d4 Bd5 27. g3 Be4
28. Ba3 Rb3 29. Kd2 h6 30. g4 g6 31. h4 Kg7 32. h5 Rd7 33. g5 hxg5 34. fxg5
gxh5 35. Be7 Rb2+ 36. Ke3 h4 37. Bf6+ Kg6 38. Re8 f4+ 39. Kxf4 Rf2+ 40. Ke3
Rxf6 41. gxf6 Bf5 42. Kf4 Kxf6 43. Re5 Bc2 44. a5 Rd8 45. Rh1 Rb8 46. Rxh4 Rb3
47. Rh3 Bd3 48. d5 Rb5 49. Rhe3 Rb7 50. d6 Rd7 51. Rd5 Bf1 52. Rf5+ Kg7 53. Ke5
Bd3 54. Rg3+ Kf8 55. Rf6 Rb7 56. Kd4 Be2 57. Re3 Bh5 58. Re5 Kg7 59. Rf2 Bg6
60. Kxc4 Bb1 61. Re7 1-0

[Event "España ch Individual Zona 2"]
[Site "Mérida ESP"]
[Date "2008.08.19"]
[Round "3.1"]
[White "Ros Octavio De Toledo, Eduardo"]
[Black "Ibarra Jerez, Jose Carlos"]
[Result "1/2-1/2"]
[WhiteElo "2202"]
[BlackElo "2496"]
[PlyCount "93"]
[EventDate "2008.08.18"]
[EventType "swiss"]
[EventRounds "7"]
[EventCountry "ESP"]
[Source "lmi"]
[SourceDate "2008.08.18"]

1. Nf3 Nf6 2. c4 d6 3. d4 g6 4. Nc3 Bf5 5. Bg5 Ne4 6. Nxe4 Bxe4 7. e3 c6 8. Qd2
Bxf3 9. gxf3 Bg7 10. O-O-O Qc7 11. h4 h6 12. Bf4 c5 13. Kb1 Nd7 14. h5 g5 15.
Bg3 O-O-O 16. f4 gxf4 17. Bxf4 Kb8 18. Be2 Nb6 19. Rhg1 Bf6 20. Qa5 Nd7 21.
Qxc7+ Kxc7 22. b3 b6 23. Kc2 Nb8 24. Bf3 Nc6 25. Bxc6 Kxc6 26. d5+ Kd7 27. e4
Bd4 28. Rg2 a6 29. Bd2 Rdf8 30. Bc3 Bxc3 31. Kxc3 f5 32. Kd3 fxe4+ 33. Kxe4 Rf6
34. f4 Rhf8 35. Rg4 R8f7 36. Rf1 Rf5 37. Rh1 R5f6 38. Rhh4 e6 39. Rg6 exd5+ 40.
cxd5 b5 41. Rxf6 Rxf6 42. Rg4 Ke7 43. Rg7+ Rf7 44. Rg6 Rf6 45. Rg7+ Rf7 46. Rg6
Rf6 47. Rg7+ 1/2-1/2

[Event "España ch Individual Zona 2"]
[Site "Mérida ESP"]
[Date "2008.08.19"]
[Round "3.3"]
[White "Garcia-Ortega Mendez, Jose M"]
[Black "Carrasco Martinez, Juan M"]
[Result "0-1"]
[WhiteElo "2196"]
[BlackElo "2425"]
[PlyCount "88"]
[EventDate "2008.08.18"]
[EventType "swiss"]
[EventRounds "7"]
[EventCountry "ESP"]
[Source "lmi"]
[SourceDate "2008.08.18"]

1. Nf3 Nf6 2. c4 e6 3. d4 Bb4+ 4. Bd2 c5 5. g3 Qb6 6. Bxb4 Qxb4+ 7. Qd2 Nc6 8.
Qxb4 Nxb4 9. Na3 b6 10. Bg2 Bb7 11. O-O Ke7 12. Rfd1 a6 13. Ne1 Bxg2 14. Kxg2
Rac8 15. b3 d6 16. Nac2 Nxc2 17. Nxc2 Rhd8 18. Rac1 h5 19. Ne3 g6 20. f3 Ne8
21. Kf2 f5 22. Ng2 Nc7 23. h3 e5 24. dxe5 dxe5 25. e3 Kf6 26. h4 Ne6 27. f4 e4
28. Ke2 Ke7 29. Ne1 Rxd1 30. Rxd1 b5 31. Rc1 Kd6 32. Kd2 Kc6 33. Kc2 Nc7 34.
Rd1 Rb8 35. a3 bxc4 36. bxc4 Na8 37. Kc3 Nb6 38. Rd2 Kc7 39. Ra2 Na4+ 40. Kc2
Kb6 41. Ra1 Ka5 42. Ra2 Rb7 43. Ng2 Rd7 44. Ne1 Nb6 0-1

[Event "España ch Individual Zona 2"]
[Site "Mérida ESP"]
[Date "2008.08.19"]
[Round "3.4"]
[White "Cabrera Trujillo, Jorge"]
[Black "Camino Carrio, Nicanor"]
[Result "1/2-1/2"]
[WhiteElo "2423"]
[BlackElo "2196"]
[PlyCount "27"]
[EventDate "2008.08.18"]
[EventType "swiss"]
[EventRounds "7"]
[EventCountry "ESP"]
[Source "lmi"]
[SourceDate "2008.08.18"]

1. e4 c5 2. Nf3 d6 3. d4 cxd4 4. Nxd4 Nf6 5. Nc3 g6 6. Be3 Bg7 7. f3 O-O 8. Qd2
Nc6 9. O-O-O d5 10. Kb1 Rb8 11. Qe1 e5 12. Nxc6 bxc6 13. exd5 Nxd5 14. Bc4
1/2-1/2

[Event "España ch Individual Zona 2"]
[Site "Mérida ESP"]
[Date "2008.08.19"]
[Round "3.5"]
[White "Espinosa Aranda, Angel"]
[Black "Ibarra Jerez, Juan Miguel"]
[Result "1/2-1/2"]
[WhiteElo "2313"]
[BlackElo "2186"]
[PlyCount "38"]
[EventDate "2008.08.18"]
[EventType "swiss"]
[EventRounds "7"]
[EventCountry "ESP"]
[Source "lmi"]
[SourceDate "2008.08.18"]

1. e4 c5 2. Nc3 Nc6 3. Nf3 d6 4. d4 cxd4 5. Nxd4 Nf6 6. Bg5 Bd7 7. Qd2 a6 8.
O-O-O e6 9. f4 Be7 10. Kb1 h6 11. Bh4 b5 12. Nxc6 Bxc6 13. Bxf6 Bxf6 14. Qxd6
Qxd6 15. Rxd6 Rc8 16. e5 Be7 17. Rd1 Bc5 18. Bd3 Bxg2 19. Rhe1 Bf3 1/2-1/2

[Event "España ch Individual Zona 2"]
[Site "Mérida ESP"]
[Date "2008.08.19"]
[Round "3.6"]
[White "Figuero Toro, Julian Francisco"]
[Black "Torres Maesso, Pedro"]
[Result "0-1"]
[WhiteElo "2234"]
[BlackElo "2127"]
[PlyCount "112"]
[EventDate "2008.08.18"]
[EventType "swiss"]
[EventRounds "7"]
[EventCountry "ESP"]
[Source "lmi"]
[SourceDate "2008.08.18"]

1. e4 c5 2. Nf3 d6 3. d4 cxd4 4. Nxd4 Nf6 5. Nc3 a6 6. Bg5 e6 7. f4 Qc7 8. Bd3
b5 9. Qe2 b4 10. Nb1 Bb7 11. Nd2 Be7 12. O-O-O Nbd7 13. Kb1 h6 14. Bh4 Nxe4 15.
Bxe4 Bxh4 16. Bxb7 Qxb7 17. Nf5 Be7 18. Nc4 Kf8 19. Nfxd6 Qc7 20. Rhe1 Nc5 21.
f5 exf5 22. Qf3 Rd8 23. Qxf5 Bf6 24. Ne4 Rxd1+ 25. Rxd1 Nxe4 26. Qxe4 g6 27.
Nd6 a5 28. Qa8+ Qd8 29. Qf3 Qe7 30. Qa8+ Kg7 31. Qxa5 Rd8 32. Qd5 Kh7 33. Rd3
Qe1+ 34. Rd1 Qe5 35. Qxf7+ Bg7 36. Qb3 Rxd6 37. Rf1 Qd4 38. Rc1 Re6 39. c3 bxc3
40. bxc3 Qd3+ 41. Ka1 Re1 42. Kb2 Rxc1 43. Kxc1 Qxc3+ 44. Qxc3 Bxc3 45. Kc2 Be5
46. h3 Kg7 47. Kd3 Kf6 48. Ke4 Bc7 49. Kf3 Kf5 50. g3 Ba5 51. Ke3 Bc7 52. Kf3
Bb6 53. a4 Bc7 54. Kg2 Ke4 55. Kf2 Ba5 56. Ke2 Bb6 0-1

[Event "España ch Individual Zona 2"]
[Site "Mérida ESP"]
[Date "2008.08.19"]
[Round "3.7"]
[White "Aranaz Murillo, Amalia"]
[Black "Carrascoso Morales, Abel"]
[Result "0-1"]
[WhiteElo "1959"]
[BlackElo "2234"]
[PlyCount "90"]
[EventDate "2008.08.18"]
[EventType "swiss"]
[EventRounds "7"]
[EventCountry "ESP"]
[Source "lmi"]
[SourceDate "2008.08.18"]

1. Nf3 g6 2. c4 Bg7 3. e4 d6 4. d4 Nf6 5. Nc3 Bg4 6. Be2 O-O 7. Be3 Nbd7 8. O-O
c5 9. Qd2 cxd4 10. Nxd4 Bxe2 11. Qxe2 Rc8 12. f3 Qa5 13. Nb3 Qb4 14. Rfc1 Qxc4
15. Qxc4 Rxc4 16. Nd2 Rc7 17. Ne2 Rfc8 18. Rxc7 Rxc7 19. Rc1 Rxc1+ 20. Nxc1 b6
21. Ne2 d5 22. b3 dxe4 23. Nxe4 Nxe4 24. fxe4 Nf6 25. Ng3 Ng4 26. Bf2 Be5 27.
Be1 Nf6 28. Bb4 e6 29. Be7 Ng4 30. h3 Bd4+ 31. Kf1 Ne3+ 32. Ke2 Nxg2 33. Kf3
Ne3 34. Ne2 e5 35. Nxd4 exd4 36. Bf6 Nc2 37. Ke2 Nb4 38. a4 Nc6 39. Kd3 Kf8 40.
Kc4 Ke8 41. Kd5 Kd7 42. Bg5 d3 43. Bf4 Na5 44. Kd4 d2 45. Bxd2 Nxb3+ 0-1

[Event "España ch Individual Zona 2"]
[Site "Mérida ESP"]
[Date "2008.08.19"]
[Round "3.8"]
[White "Adan Bermudez, Sergio"]
[Black "Diaz Rodriguez, Jose Antonio"]
[Result "1-0"]
[WhiteElo "2205"]
[BlackElo "2099"]
[PlyCount "81"]
[EventDate "2008.08.18"]
[EventType "swiss"]
[EventRounds "7"]
[EventCountry "ESP"]
[Source "lmi"]
[SourceDate "2008.08.18"]

1. c4 Nf6 2. g3 e5 3. Bg2 Bc5 4. Nc3 O-O 5. e3 Nc6 6. Nge2 Re8 7. d3 d6 8. O-O
Bg4 9. h3 Bh5 10. a3 a5 11. g4 Bg6 12. d4 Ba7 13. d5 Ne7 14. b4 c6 15. bxa5 Bc5
16. Qb3 Qxa5 17. g5 Nh5 18. Ne4 cxd5 19. cxd5 b6 20. N2c3 f5 21. gxf6 gxf6 22.
Nb5 Bxe4 23. Bxe4 Kh8 24. Kh2 Rg8 25. Bd3 Ng6 26. Qd1 e4 27. Bxe4 Qxb5 28. Bd3
Qe8 29. Qxh5 Qe5+ 30. Qxe5 Nxe5 31. Bb5 Nf3+ 32. Kh1 Rg6 33. Be2 Ng5 34. h4 Ne4
35. Bb2 Rag8 36. h5 Rg5 37. Rac1 Bxe3 38. fxe3 Rg3 39. Rf3 R3g5 40. Rxf6 Ng3+
41. Kh2 1-0

[Event "España ch Individual Zona 2"]
[Site "Mérida ESP"]
[Date "2008.08.19"]
[Round "3.9"]
[White "Alvarez Morales, Miguel"]
[Black "Fenollar Jorda, Manuel"]
[Result "0-1"]
[WhiteElo "1948"]
[BlackElo "2298"]
[PlyCount "62"]
[EventDate "2008.08.18"]
[EventType "swiss"]
[EventRounds "7"]
[EventCountry "ESP"]
[Source "lmi"]
[SourceDate "2008.08.18"]

1. c4 c6 2. Nf3 d5 3. g3 dxc4 4. Qc2 b5 5. Bg2 Bb7 6. O-O Nf6 7. Rd1 e6 8. d3
cxd3 9. Rxd3 Qc8 10. Nd4 c5 11. Nxb5 Bxg2 12. Bf4 Nd5 13. Qa4 Qc6 14. Bxb8 Rxb8
15. Nd6+ Kd7 16. Qxa7+ Qc7 17. Qxc7+ Kxc7 18. Nxf7 Be4 19. Nxh8 Bxd3 20. exd3
Be7 21. Nf7 Bf6 22. d4 cxd4 23. f4 d3 24. Nc3 Bxc3 25. bxc3 d2 26. Ng5 Nxc3 27.
Nxe6+ Kd6 28. Nxg7 Kd5 29. Kf2 Ke4 30. Nh5 Rb2 31. Kg1 Nb1 0-1

[Event "España ch Individual Zona 2"]
[Site "Mérida ESP"]
[Date "2008.08.19"]
[Round "3.10"]
[White "Vega Gutierrez, Sabrina"]
[Black "De La Torre Suarez, Angel"]
[Result "1-0"]
[WhiteElo "2281"]
[BlackElo "2113"]
[PlyCount "49"]
[EventDate "2008.08.18"]
[EventType "swiss"]
[EventRounds "7"]
[EventCountry "ESP"]
[Source "lmi"]
[SourceDate "2008.08.18"]

1. e4 c5 2. Nf3 e6 3. d4 cxd4 4. Nxd4 a6 5. Be2 Nf6 6. Nc3 Bb4 7. O-O Bxc3 8.
bxc3 Nxe4 9. Qd3 d5 10. Ba3 Qc7 11. c4 f5 12. cxd5 exd5 13. f3 Nc3 14. Rfe1 Bd7
15. Nxf5 Qb6+ 16. Kh1 Nxe2 17. Qxe2+ Kd8 18. Be7+ Kc8 19. Nd6+ Kc7 20. Nf7 Qd4
21. c3 Qf4 22. Bd6+ Qxd6 23. Nxd6 Kxd6 24. Qe5+ Kc5 25. c4 1-0

[Event "España ch Individual Zona 2"]
[Site "Mérida ESP"]
[Date "2008.08.19"]
[Round "3.11"]
[White "Rubio Nevado, Pedro"]
[Black "Camacho Collados, Jose"]
[Result "0-1"]
[WhiteElo "2100"]
[BlackElo "2276"]
[PlyCount "54"]
[EventDate "2008.08.18"]
[EventType "swiss"]
[EventRounds "7"]
[EventCountry "ESP"]
[Source "lmi"]
[SourceDate "2008.08.18"]

1. e4 c6 2. d4 d5 3. exd5 cxd5 4. c4 Nf6 5. Nc3 g6 6. cxd5 Bg7 7. Bb5+ Nbd7 8.
d6 exd6 9. Qe2+ Qe7 10. Bf4 Qxe2+ 11. Bxe2 Ke7 12. O-O-O Nb6 13. Bf3 Be6 14.
Bxb7 Rab8 15. d5 Rxb7 16. dxe6 Nc4 17. b3 Rc8 18. bxc4 Rxc4 19. Bxd6+ Kxe6 20.
Nge2 Ne4 21. Nf4+ Kf6 22. Nfd5+ Ke6 23. Rhe1 f5 24. f3 Bxc3 25. Nc7+ Rbxc7 26.
Bxc7 Bxe1+ 27. Kb2 Bc3+ 0-1

[Event "España ch Individual Zona 2"]
[Site "Mérida ESP"]
[Date "2008.08.19"]
[Round "3.12"]
[White "Claros Egea, Christian"]
[Black "Vega Gutierrez, Belinda"]
[Result "1/2-1/2"]
[WhiteElo "2264"]
[BlackElo "2129"]
[PlyCount "74"]
[EventDate "2008.08.18"]
[EventType "swiss"]
[EventRounds "7"]
[EventCountry "ESP"]
[Source "lmi"]
[SourceDate "2008.08.18"]

1. e4 e5 2. Nf3 Nc6 3. Bc4 Nf6 4. d3 Be7 5. O-O O-O 6. Re1 d6 7. c3 Na5 8. Bb5
a6 9. Ba4 b5 10. Bc2 c5 11. Nbd2 Qc7 12. Nf1 Be6 13. Bg5 h6 14. Bxf6 Bxf6 15.
Ne3 Nc6 16. Bb3 Ne7 17. Bd5 Bxd5 18. exd5 g6 19. Qb3 Bg7 20. a4 Rab8 21. axb5
axb5 22. Ra6 Rb7 23. Qa2 Rfb8 24. Nd2 Nc8 25. Ra1 f5 26. Nb3 Rb6 27. Ra5 Qf7
28. Nd2 R6b7 29. Ra6 Rb6 30. Ra8 R6b7 31. Ra6 Bf8 32. Nd1 Bg7 33. h3 Rb6 34.
Ra8 R6b7 35. Ra6 Rb6 36. Ra8 R6b7 37. Ra6 Rb6 1/2-1/2

[Event "España ch Individual Zona 2"]
[Site "Mérida ESP"]
[Date "2008.08.20"]
[Round "4.1"]
[White "Carrasco Martinez, Juan M"]
[Black "Adan Bermudez, Sergio"]
[Result "1-0"]
[WhiteElo "2425"]
[BlackElo "2205"]
[PlyCount "45"]
[EventDate "2008.08.18"]
[EventType "swiss"]
[EventRounds "7"]
[EventCountry "ESP"]
[Source "lmi"]
[SourceDate "2008.08.18"]

1. d4 Nf6 2. Nf3 e6 3. c4 b6 4. e3 Bb7 5. Bd3 Be7 6. O-O O-O 7. b3 c5 8. Bb2
cxd4 9. exd4 d5 10. Nbd2 Nc6 11. Qe2 Rc8 12. Rac1 Ba6 13. Rfd1 Qd6 14. Qe3 Qb8
15. Ne5 dxc4 16. Nxc6 Rxc6 17. bxc4 Rc7 18. d5 Qc8 19. Be5 Rd7 20. Qh3 g6 21.
Nf3 Rdd8 22. Ng5 exd5 23. Qh6 1-0

[Event "España ch Individual Zona 2"]
[Site "Mérida ESP"]
[Date "2008.08.20"]
[Round "4.2"]
[White "Carrascoso Morales, Abel"]
[Black "Torres Maesso, Pedro"]
[Result "1-0"]
[WhiteElo "2234"]
[BlackElo "2127"]
[PlyCount "101"]
[EventDate "2008.08.18"]
[EventType "swiss"]
[EventRounds "7"]
[EventCountry "ESP"]
[Source "lmi"]
[SourceDate "2008.08.18"]

1. e4 c5 2. Nf3 d6 3. d4 cxd4 4. Nxd4 Nf6 5. Nc3 a6 6. g3 e5 7. Nb3 Be6 8. Bg2
h6 9. O-O Be7 10. h3 O-O 11. Be3 b5 12. a4 b4 13. Nd5 Nxd5 14. exd5 Bf5 15. Qd2
Qc8 16. g4 Bh7 17. Qxb4 Nd7 18. c4 f5 19. gxf5 Bxf5 20. Na5 Rb8 21. Qc3 Bf6 22.
Nc6 Rb7 23. b4 e4 24. Bd4 Bxd4 25. Qxd4 Ne5 26. Nxe5 dxe5 27. Qc3 Rb6 28. c5
Rg6 29. Ra3 Qd8 30. Qxe5 Rg5 31. Rg3 Re8 32. Qd4 e3 33. Rxe3 Rxe3 34. Qxe3 Qd7
35. Re1 Bxh3 36. Qe8+ Qxe8 37. Rxe8+ Kf7 38. Ra8 Bxg2 39. Ra7+ Kf6 40. f4 Rg4
41. Rxa6+ Kf7 42. Ra7+ Kf6 43. d6 Bd5+ 44. Kh2 Rxf4 45. b5 Rc4 46. Rc7 Rxa4 47.
d7 Ke7 48. c6 Rd4 49. Rc8 Be6 50. Re8+ Kf7 51. d8=Q 1-0

[Event "España ch Individual Zona 2"]
[Site "Mérida ESP"]
[Date "2008.08.20"]
[Round "4.3"]
[White "Ibarra Jerez, Jose Carlos"]
[Black "Torres Ventosa, Pedro Eugenio"]
[Result "1-0"]
[WhiteElo "2496"]
[BlackElo "2135"]
[PlyCount "57"]
[EventDate "2008.08.18"]
[EventType "swiss"]
[EventRounds "7"]
[EventCountry "ESP"]
[Source "lmi"]
[SourceDate "2008.08.18"]

1. e4 c5 2. Nf3 d6 3. d4 cxd4 4. Nxd4 Nf6 5. Nc3 a6 6. Be3 e5 7. Nf3 Be7 8. Bc4
O-O 9. O-O Be6 10. Qe2 Nc6 11. Rfd1 b5 12. Bb3 Qc7 13. Bg5 Na5 14. Bxf6 Bxf6
15. Nd5 Bxd5 16. Bxd5 Rac8 17. c3 Be7 18. Nd2 Bg5 19. Nf1 Rb8 20. a3 Rfc8 21.
Rd3 Nc4 22. Rad1 Be7 23. Rh3 g6 24. Rdd3 Rf8 25. Rdg3 Kh8 26. Rh6 Bf6 27. Rgh3
Nb6 28. Rxh7+ Kg8 29. Ne3 1-0

[Event "España ch Individual Zona 2"]
[Site "Mérida ESP"]
[Date "2008.08.20"]
[Round "4.5"]
[White "Herrera Delgado, Alejandro"]
[Black "Cabrera Trujillo, Jorge"]
[Result "0-1"]
[WhiteElo "2204"]
[BlackElo "2423"]
[PlyCount "62"]
[EventDate "2008.08.18"]
[EventType "swiss"]
[EventRounds "7"]
[EventCountry "ESP"]
[Source "lmi"]
[SourceDate "2008.08.18"]

1. e4 c5 2. Nf3 d6 3. d4 cxd4 4. Nxd4 Nf6 5. Nc3 g6 6. Be3 Bg7 7. f3 O-O 8. Qd2
Nc6 9. Bc4 Bd7 10. O-O-O Rb8 11. Bb3 Na5 12. Kb1 b5 13. h4 Nxb3 14. Nxb3 a5 15.
h5 a4 16. Nd4 b4 17. Nd5 e5 18. Nxf6+ Bxf6 19. Ne2 Be6 20. hxg6 fxg6 21. Qxd6
Qe8 22. Qd2 Qf7 23. Nc1 Rfd8 24. Qf2 Rdc8 25. Rd2 Qc7 26. Rhd1 a3 27. b3 Qc3
28. Nd3 Rd8 29. Qe1 Rxd3 30. cxd3 Bxb3 31. Re2 Bxd1 0-1

[Event "España ch Individual Zona 2"]
[Site "Mérida ESP"]
[Date "2008.08.20"]
[Round "4.6"]
[White "Camino Carrio, Nicanor"]
[Black "Espinosa Aranda, Angel"]
[Result "1/2-1/2"]
[WhiteElo "2196"]
[BlackElo "2313"]
[PlyCount "52"]
[EventDate "2008.08.18"]
[EventType "swiss"]
[EventRounds "7"]
[EventCountry "ESP"]
[Source "lmi"]
[SourceDate "2008.08.18"]

1. e4 c5 2. Nf3 d6 3. d4 cxd4 4. Nxd4 Nf6 5. Nc3 a6 6. Be3 e6 7. f3 b5 8. Qd2
Bb7 9. O-O-O Nbd7 10. g4 Nb6 11. Bd3 Rc8 12. Kb1 Nfd7 13. Bg5 Qc7 14. f4 Nc5
15. Qe3 b4 16. Nce2 d5 17. e5 Nc4 18. Bxc4 dxc4 19. Rhf1 Ne4 20. Ng3 Nxg3 21.
Qxg3 Bc5 22. f5 Bd5 23. fxe6 Bxd4 24. exf7+ Bxf7 25. Rxd4 O-O 26. Rfd1 b3
1/2-1/2

[Event "España ch Individual Zona 2"]
[Site "Mérida ESP"]
[Date "2008.08.20"]
[Round "4.7"]
[White "Fenollar Jorda, Manuel"]
[Black "Ros Octavio De Toledo, Eduardo"]
[Result "1-0"]
[WhiteElo "2298"]
[BlackElo "2202"]
[PlyCount "89"]
[EventDate "2008.08.18"]
[EventType "swiss"]
[EventRounds "7"]
[EventCountry "ESP"]
[Source "lmi"]
[SourceDate "2008.08.18"]

1. d4 d5 2. Nf3 Nc6 3. Bf4 Bg4 4. Nbd2 e6 5. e3 Bd6 6. Bg3 Nge7 7. Be2 Nf5 8.
Bxd6 Nxd6 9. Ne5 Bxe2 10. Qxe2 O-O 11. Nxc6 bxc6 12. O-O Qb8 13. Qd3 Qb5 14.
Rfc1 Rab8 15. b3 Rfd8 16. c4 Qa6 17. Qf1 Rd7 18. cxd5 Qxf1+ 19. Kxf1 cxd5 20.
Rc6 Kf8 21. Rac1 Rb7 22. R1c5 Ke7 23. Nf3 f6 24. Ne1 Ne8 25. Ra6 Nd6 26. Nd3
Nc8 27. Rac6 Nd6 28. Rc2 Rb6 29. Rxc7 Kd8 30. Rxd7+ Kxd7 31. Ke2 Nb7 32. Nc5+
Kd6 33. Nxb7+ Rxb7 34. Kd3 e5 35. dxe5+ fxe5 36. e4 d4 37. f4 exf4 38. Kxd4 Rf7
39. e5+ Ke6 40. Ke4 Rd7 41. Rc6+ Ke7 42. Ra6 g5 43. Kf5 Rd2 44. Rxa7+ Ke8 45.
Kf6 1-0

[Event "España ch Individual Zona 2"]
[Site "Mérida ESP"]
[Date "2008.08.20"]
[Round "4.8"]
[White "Ibarra Jerez, Juan Miguel"]
[Black "Vega Gutierrez, Sabrina"]
[Result "1/2-1/2"]
[WhiteElo "2186"]
[BlackElo "2281"]
[PlyCount "37"]
[EventDate "2008.08.18"]
[EventType "swiss"]
[EventRounds "7"]
[EventCountry "ESP"]
[Source "lmi"]
[SourceDate "2008.08.18"]

1. e4 c5 2. Nf3 e6 3. d4 cxd4 4. Nxd4 Nc6 5. Nc3 a6 6. Be3 Nf6 7. Qd2 Bb4 8. f3
d5 9. O-O-O Qa5 10. Nde2 dxe4 11. a3 Bc5 12. Bg5 h6 13. Nxe4 hxg5 14. Qxa5 Nxa5
15. Nxc5 Nc4 16. Nc3 Ne3 17. Re1 Nxf1 18. Rexf1 Rb8 19. N5e4 1/2-1/2

[Event "España ch Individual Zona 2"]
[Site "Mérida ESP"]
[Date "2008.08.20"]
[Round "4.10"]
[White "Vega Gutierrez, Belinda"]
[Black "De La Cruz Sanchez, Carlos Gustavo"]
[Result "1/2-1/2"]
[WhiteElo "2129"]
[BlackElo "2266"]
[PlyCount "38"]
[EventDate "2008.08.18"]
[EventType "swiss"]
[EventRounds "7"]
[EventCountry "ESP"]
[Source "lmi"]
[SourceDate "2008.08.18"]

1. e4 e6 2. d4 d5 3. Bd3 c5 4. exd5 exd5 5. Qe2+ Be7 6. dxc5 Nf6 7. Nc3 O-O 8.
Bg5 Be6 9. O-O-O Nbd7 10. f4 Bg4 11. Nf3 Nxc5 12. h3 Bxf3 13. Qxf3 Qb6 14. Nxd5
Nxd5 15. Qxd5 Rad8 16. Qc4 Bxg5 17. fxg5 Nxd3+ 18. Rxd3 Rxd3 19. Qxd3 Qa5
1/2-1/2

[Event "España ch Individual Zona 2"]
[Site "Mérida ESP"]
[Date "2008.08.20"]
[Round "4.11"]
[White "Sanchez Silva, Luis Agapito"]
[Black "Claros Egea, Christian"]
[Result "0-1"]
[WhiteElo "2105"]
[BlackElo "2264"]
[PlyCount "70"]
[EventDate "2008.08.18"]
[EventType "swiss"]
[EventRounds "7"]
[EventCountry "ESP"]
[Source "lmi"]
[SourceDate "2008.08.18"]

1. e4 c5 2. c4 Nc6 3. Nc3 g6 4. g3 Bg7 5. Bg2 e6 6. Nge2 Nge7 7. O-O O-O 8. d3
d6 9. Be3 Nd4 10. Qd2 Nec6 11. f4 f5 12. Nd1 Rb8 13. Nxd4 Nxd4 14. Rb1 b5 15.
Nc3 bxc4 16. dxc4 Ba6 17. b3 Qa5 18. Rbc1 fxe4 19. Bxe4 d5 20. Bd3 dxc4 21.
Bxc4 Bxc4 22. bxc4 Qb4 23. Qd3 Rfd8 24. Qe4 Qxc4 25. Kg2 Qa6 26. Rb1 Nf5 27.
Rxb8 Rxb8 28. Nd1 Qe2+ 29. Rf2 Qxd1 30. Qxe6+ Kh8 31. Bxc5 Qg4 32. Qe1 Nh4+ 33.
Kh1 Qf5 34. Bb4 Qd5+ 35. Kg1 Nf3+ 0-1

[Event "España ch Individual Zona 2"]
[Site "Mérida ESP"]
[Date "2008.08.20"]
[Round "4.12"]
[White "Diaz Rodriguez, Jose Antonio"]
[Black "Figuero Toro, Julian Francisco"]
[Result "1-0"]
[WhiteElo "2099"]
[BlackElo "2234"]
[PlyCount "73"]
[EventDate "2008.08.18"]
[EventType "swiss"]
[EventRounds "7"]
[EventCountry "ESP"]
[Source "lmi"]
[SourceDate "2008.08.18"]

1. e4 d6 2. d4 Nf6 3. Nc3 Nbd7 4. Nf3 e5 5. Bc4 Be7 6. O-O O-O 7. Qe2 a6 8. a4
exd4 9. Nxd4 Ne5 10. Bb3 c5 11. Nf5 Bxf5 12. exf5 Re8 13. Nd5 Rc8 14. Nxf6+
Bxf6 15. Bd5 Rc7 16. Qh5 Nc6 17. Bxc6 bxc6 18. Ra3 g6 19. Rg3 Re5 20. Bf4 Rd5
21. Qh3 Rd4 22. fxg6 hxg6 23. Qf5 Bg7 24. Bg5 Qf8 25. Qf3 Rxa4 26. Rh3 Rd4 27.
Bf6 Rd5 28. g4 Qc8 29. Re1 Rb7 30. c4 Re5 31. Bxe5 Bxe5 32. b3 Re7 33. Kg2 Re6
34. g5 Re8 35. Qe4 Rf8 36. Qh4 Re8 37. Rxe5 1-0